Walking with the giants: a minister's guide to good reading and great preaching

Saved in:  
Bibliographic Details
Main Author: Wiersbe, Warren W. 1929-2019 (Author)
Format: Print Book
Language:English
Subito Delivery Service: Order now.
Check availability: HBZ Gateway
WorldCat: WorldCat
Interlibrary Loan:Interlibrary Loan for the Fachinformationsdienste (Specialized Information Services in Germany)
Published: Grand Rapids, Mich. Baker Book House 1977
In:Year: 1977
Edition:2. print.
Further subjects:B Practical theology
B Sermon

MARC

LEADER 00000cam a22000002c 4500
001 114606389X
003 DE-627
005 20240503190948.0
007 tu
008 990420s1977 xx ||||| 00| ||eng c
035 |a (DE-627)114606389X 
035 |a (DE-576)076063895 
035 |a (DE-599)BSZ076063895 
035 |a (OCoLC)313434561 
040 |a DE-627  |b ger  |c DE-627  |e rakwb 
041 |a eng 
084 |a 1  |2 ssgn 
100 1 |0 (DE-588)119443856  |0 (DE-627)080257771  |0 (DE-576)164657371  |4 aut  |a Wiersbe, Warren W.  |d 1929-2019 
109 |a Wiersbe, Warren W. 1929-2019  |a Wiersbe, Warren Wendell 1929-2019  |a Wiersbe, Warren 1929-2019  |a Uėrsbi, Uoren 1929-2019 
245 1 0 |a Walking with the giants  |b a minister's guide to good reading and great preaching  |c Warren Wiersbe 
250 |a 2. print. 
264 1 |a Grand Rapids, Mich.  |b Baker Book House  |c 1977 
300 |a 289 S. 
336 |a Text  |b txt  |2 rdacontent 
337 |a ohne Hilfsmittel zu benutzen  |b n  |2 rdamedia 
338 |a Band  |b nc  |2 rdacarrier 
583 1 |a Archivierung prüfen  |c 20200919  |f DE-640  |z 1  |2 pdager 
583 1 |a Archivierung/Langzeitarchivierung gewährleistet  |f SSG  |x XA-DE-BW  |2 pdager  |5 DE-21 
650 0 7 |0 (DE-588)4047056-8  |0 (DE-627)106195913  |0 (DE-576)209072059  |a Praktische Theologie  |2 gnd 
650 0 7 |0 (DE-588)4047089-1  |0 (DE-627)106195794  |0 (DE-576)209072172  |a Predigt  |2 gnd 
935 |a mteo 
951 |a BO 
ELC |b 1 
ITA |a 1  |t 1 
LOK |0 000 xxxxxcx a22 zn 4500 
LOK |0 001 235472280X 
LOK |0 003 DE-627 
LOK |0 004 114606389X 
LOK |0 005 20100422132600 
LOK |0 008 990420||||||||||||||||ger||||||| 
LOK |0 040   |a DE-21  |c DE-627  |d DE-21 
LOK |0 852   |a DE-21 
LOK |0 852 1  |c 17 A 15781  |9 00 
LOK |0 935   |a kram  |a konv  |a theo  |a sepp 
LOK |0 939   |a 20-04-99  |b l01 
ORI |a SA-MARC-ixtheoa001.raw 
STA 0 0 |a Practical theology,Sermon,Sermon 
STB 0 0 |a Sermon,Sermon,Homélie,Prédication,Homélie,Prédication,Théologie pratique 
STC 0 0 |a Predicación,Predicación,Homilía,Prédica,Homilía,Prédica,Homilía (Motivo),Prédica,Homilía,Prédica,Teología práctica 
STD 0 0 |a Omelia,Omelia,Teologia pratica 
STE 0 0 |a 实践神学,教牧神学,应用神学,讲章,讲章,讲道,讲道 
STF 0 0 |a 實踐神學,教牧神學,應用神學,講章,講章,講道,講道 
STG 0 0 |a Prédica,Prédica,Homilia,Pregação,Homilia,Pregação,Homilia (Motivo),Pregação,Homilia,Pregação,Teologia prática 
STH 0 0 |a Практическое богословие,Проповедь (мотив),Проповедь 
STI 0 0 |a Κήρυγμα (μοτίβο),Κήρυγμα,Πρακτική θεολογία 
SYE 0 0 |a Theologia practica,Themen der praktischen Theologie - Theologia practica , Kanzelrede